| 000 | 01145cam a2200205 4500 | ||
|---|---|---|---|
| 001 | ABS63759 | ||
| 008 | 000000n2001 000 0 eng u | ||
| 035 | _a(Sirsi) u111637 | ||
| 245 | _aSurveying salaries up by 5% | ||
| 260 | _c2001 | ||
| 490 |
_aCSM (Chartered Surveyor Monthly) _vMarch 2001, 10-13(4) |
||
| 520 | _aSummarises the main findings of the 2001 RICS/ MacDonald & Co survey of chartered surveyors' salaries. Results are based on the responses of 3825 property professionals working in a range of disciplines in the UK and abroad. Key findings include: salaries rose by an average of 5.2% during the last 12 months - slightly less than last year; the average salary of professionals in the UK property sector is £33.4k pa; those based in Greater London and the South East are the highest earners, and those in the East Midlands and Wales the lowest. Diagrams, table and graph. | ||
| 590 | _aABS | ||
| 650 | _aROYAL INSTITUTION OF CHARTERED SURVEYORS | ||
| 650 | _aMACDONALD AND COMPANY | ||
| 650 | _aSALARY SURVEYS | ||
| 650 | _aBONUSES | ||
| 690 | _aMANAGEMENT-BUSINESS MANAGEMENT-PROFESSIONAL PRACTICE | ||
| 942 | _n0 | ||
| 999 |
_c66522 _d66522 |
||